| Tag |
First Indicator |
Second Indicator |
Subfields |
| LEADER |
00000cam a22000001 4500 |
| 001 |
in00000025591 |
| 005 |
20151007062509.0 |
| 008 |
711207s1965 nyu b 00100 eng |
| 010 |
|
|
|a 65023115
|
| 035 |
|
|
|a (OCoLC)00711579
|
| 035 |
|
|
|9 AAD5050AM
|
| 040 |
|
|
|a DLC
|c DLC
|d TXA
|d UtOrBLW
|
| 043 |
|
|
|a n-us---
|
| 049 |
|
|
|a TXAM
|c [460988]
|
| 050 |
0 |
0 |
|a PS214
|b .B4
|
| 082 |
0 |
|
|a 810.912
|
| 100 |
1 |
|
|a Berthoff, Warner.
|
| 245 |
1 |
4 |
|a The ferment of realism :
|b American literature, 1884-1919 /
|c Warner Berthoff.
|
| 264 |
|
1 |
|a New York :
|b Free Press,
|c [1965]
|
| 264 |
|
4 |
|c ©1965
|
| 300 |
|
|
|a xvi, 330 pages ;
|c 22 cm.
|
| 336 |
|
|
|a text
|b txt
|2 rdacontent
|
| 337 |
|
|
|a unmediated
|b n
|2 rdamedia
|
| 338 |
|
|
|a volume
|b nc
|2 rdacarrier
|
| 504 |
|
|
|a Bibliography: pages 299-310.
|
| 650 |
|
0 |
|a American literature
|x History and criticism.
|
| 650 |
|
0 |
|a Realism in literature.
|
| 999 |
|
|
|a MARS
|
| 999 |
f |
f |
|s d3dae798-46f7-33c1-96b6-72baa5cc07b6
|i 2efa70bf-11de-3c70-9e5f-67cc05bac90a
|t 0
|
| 952 |
f |
f |
|p ric
|a Texas A&M University
|b Rellis Campus
|c Joint Library Facility
|d Remote Storage
|t 0
|e PS214 .B4
|h Library of Congress classification
|i unmediated -- volume
|m A14820170181
|
| 998 |
f |
f |
|a PS214 .B4
|t 0
|l Remote Storage
|